| 000 | 00682nam a22001577a 4500 | ||
|---|---|---|---|
| 003 | OSt | ||
| 005 | 20151003092153.0 | ||
| 008 | 151003b xxu||||| |||| 00| 0 eng d | ||
| 040 | _cRUA | ||
| 082 | _aAVM RY 1996 B069 Or.1 | ||
| 100 |
_91837 _aRY VIPHEAVY |
||
| 245 | _aSurvey on haemorrhagic septicaemia of cattle and buffaloes in rolea paear district, kampong chhnang province, (ការអង្កេតទៅលើជំងឺសារទឹកគោក្របីនៅ ក្នុងស្រុករលាប្អៀរ នៃខេត្តកំពង់ឆ្នំាង) | ||
| 260 |
_aphnom penh _bRUA _c1996 |
||
| 300 |
_a75p. _bill. _c29cm. |
||
| 942 |
_2ddc _cAVM |
||
| 999 |
_c1734 _d1734 |
||